Нормален изглед
MARC изглед
- И. С.
Вход 01. Лично име
001 - Контролен номер на записа
- Контролно поле: 405012
003 - Код на организацията, даваща контролен номер
- Контролно поле: BLK
005 - Дата и час на последна промяна на записа
- Контролно поле: 20200415100631.0
008 - Данни с фиксирана дължина – обща информация
- Данни с фиксирана дължина : 200415|| aca||aabn | a|a d
100 ## - ИМЕ НА ЛИЦЕ -ПЪРВИЧНА ИНТЕЛЕКТУАЛНА ОТГОВОРНОСТ
- Лично име: И. С.
- Ключова дума за отношение: Прев.
942 ## - Системна служебна употреба
- Koha auth type: PERSO_NAME